00729cam a22002057a 4500003000500000005001700005008004100022010001000063011001000073035001000083040000900093100002600102245009100128260008400219300001000303490008700313650001600400650002000416830008700436CHAP20220329141652.0971013s1968 r 00010 d a71928 a72900 a82456 cCHAP00aGaray, Alfonso L. de.13aLa genética mendeliana; evaluación y proyecciones de los descubrimientos de Mendel aMéxico, D.F. :bINAH. Departamento de Investigaciones Antropológicas,c1968 a94 p. 0aDepartamento de Investigaciones Antropológicas. Investigaciones Antropológicas14aGenética.14aMendel, Ley de.0 aDepartamento de Investigaciones Antropológicas. Investigaciones Antropológicas